书目信息 |
| 书名: | The palace of eternal youth | |
| 作者: | by Hong Sheng ; translated by Yang Xianyi and Gladys Yang. | |
| 分册号: | ||
| 分册名: | 出版地: | Beijing : |
|
| 出版社: | Foreign Languages Press | |
| 出版时间: | 1980. | |
| 页数: | 281 p. : | |
| 开本: | 19 cm. | |
| 丛书名: | ||
| 中图分类号: | ||
| 科图分类号: | ||
| 其他分类号: | H319.4 | |
| 主题词: | ||
| 电子资源: | ||
| 000 | 00586nam 22000205i 450 | |
| 001 | 0200023634 | |
| 005 | 20070210164315.42 | |
| 008 | 991204m1980 u y a 000 0 | |
| 020 | @cCNY3.65. | |
| 041 | @aeng@aeng@ichi | |
| 090 | @aI237.2 | |
| 090 | @aH319.4 | |
| 099 | @dH319.4@ex226=2 | |
| 100 | 1 | @aHong@cSheng. |
| 245 | 10 | @aThe palace of eternal youth / @cby Hong Sheng ; translated by Yang Xianyi and Gladys Yang. |
| 250 | @a2nd ed. | |
| 260 | 1 | @aBeijing :@bForeign Languages Press,@c1980. |
| 300 | @a281 p. :@bill. ;@c19 cm. | |
| 700 | 1 | @aYang@cXianyi. |
| 700 | 1 | @aYang@cGladys. |
| The palace of eternal youth / / by Hong Sheng ; translated by Yang Xianyi and Gladys Yang.-2nd ed.-Beijing : : Foreign Languages Press, , 1980. |
| 281 p. : : ill. ; ; 19 cm. |
| ISBN CNY3.65. |
| ● |
| 相关链接 |
|
|
|
|
正题名:The palace of eternal youth
索取号:H319.4/x226=2
 
预约/预借
| 序号 | 登录号 | 条形码 | 馆藏地/架位号 | 状态 | 备注 |
| 1 | 46187 | 001432266 | 第四借阅区/ [索取号:H319.4/x226=2] | 在馆 |